Harsh and lovely land : the major Canadian poets and the making of a Canadian tradition /

Bibliographic Details
Main Author: Marshall, Tom
Format: Book
Language:English
Published: Vancouver : University of British Columbia Press, [1979]
Subjects:

MARC

Tag First Indicator Second Indicator Subfields
LEADER 00000cam a22000005i 4500
001 in00000038601
005 20151007081147.0
008 790702s1979 bcc b 00110 eng d
015 |a C79-091007-1 
020 |a 0774801077 
035 |a (OCoLC)05131208 
035 |9 AAF5961AM 
040 |a GSU  |c GSU  |d TXA  |d UtOrBLW 
049 |a TXAM  |c [1159671] 
055 0 0 |a PR9190.2  |b .M37  |a PS8141  |b .M37 
082 0 |a C811/.009 
090 |a PR9190.25  |b .M37 1979 
100 1 |a Marshall, Tom. 
245 1 0 |a Harsh and lovely land :  |b the major Canadian poets and the making of a Canadian tradition /  |c Tom Marshall. 
264 1 |a Vancouver :  |b University of British Columbia Press,  |c [1979] 
264 4 |c ©1979 
300 |a xiv, 184 pages ;  |c 24 cm. 
336 |a text  |b txt  |2 rdacontent 
337 |a unmediated  |b n  |2 rdamedia 
338 |a volume  |b nc  |2 rdacarrier 
504 |a Includes bibliographical references and index. 
650 0 |a Canadian poetry  |x History and criticism. 
650 0 |a Poets, Canadian. 
999 |a MARS 
999 f f |s cd1930e7-734a-35a1-ad29-004f0be2b6c6  |i 3aeb3640-a8e7-3a5e-a0ff-f8f2f3f702ac  |t 0 
952 f f |p ric  |a Texas A&M University  |b Rellis Campus  |c Joint Library Facility  |d Remote Storage  |t 0  |e PR9190.25 .M37 1979  |h Library of Congress classification  |i unmediated -- volume  |m A14804021330 
998 f f |a PR9190.25 .M37 1979  |t 0  |l Remote Storage